| 000 | 01016nam a22002057a 4500 | ||
|---|---|---|---|
| 999 |
_c9339 _d9339 |
||
| 003 | AR-CdUCM | ||
| 008 | 190327b ||||| |||| 00| 0 spa d | ||
| 040 |
_aMUNICIPALIDAD PROVINCIAL DEL CUSCO _cBIBLIOTECA MUNICIPAL DEL CUSCO |
||
| 082 |
_a910.612 / _bG94 |
||
| 110 |
_aGobierno Regional del Cusco _99437 |
||
| 245 | _aGuía de Campo del área prioritaria de conservación regional Ausangate / | ||
| 260 |
_aCusco : _bGobierno Regional del Cusco, _c2010. |
||
| 300 |
_a397 paginas ; _c17 cm. |
||
| 505 | _aContenido :Marco legal para el manejo de áreas de conservación regional como áreas complementarias al sistema nacional de ANP en el Perú -- Aspectos fisiográficos y paisajísticos -- Ecosisitemas y zonas de vida natural -- Vegetación y diversidad florística -- Mamíferos -- Aves -- Reptiles y anfibios -- Turismo en Ausangate / | ||
| 650 |
_aAusangate - Apu _925468 |
||
| 650 |
_aEco-turismo - Perú _925469 |
||
| 650 |
_aAreas naturales (Ausangate) _925470 |
||
| 942 |
_2ddc _cLIBROS |
||
| 945 | _arjall | ||